000 00396nam a2200157Ia 4500
008 190328s9999||||xx |||||||||||||| ||und||
020 _a9780198072225
082 _a346.022
_bPAT/O
100 _aPathak, Akhileshwar
245 0 _aCONTRACT LAW
250 _a1st
260 _aNew Delhi
_bOxford university Press
_c2011
300 _a407
650 _aContract/Specific Relief/Trusts
942 _cBK
999 _c3818
_d3818